000 00610nam a2200277Ia 4500
005 20260401122431.0
008 008 250103s9999 xx 000 0 eng d
020 _a9780486281223
037 _aTB
040 _aEDL
040 _beng
040 _cEDL
041 _2eng
041 _aeng
084 _a821.7 BLA
084 _qEDL
100 _aBlake, William
_91232634
245 0 _aMarriage of Heaven and Hell
245 0 _cBlake, William
260 _bDoverpublications
300 _a43p
942 _cTB
942 _h821.7 BLA
999 _c1847239
_d1847239